| 000 | 00687nam a2200217 a 4500 | ||
|---|---|---|---|
| 001 | 021276 | ||
| 003 | BD-ChCU | ||
| 008 | Ben | ||
| 020 | _a৯৮৪৪৮৩২৬৪০ | ||
| 040 |
_aDLC _cDLC _dBD-ChCU |
||
| 082 | 0 | 0 | _a৩০৫.৩/কাদি৫হা |
| 100 | 1 |
_aকাদির, সাযযাদ _b- |
|
| 245 | 1 | 0 |
_aহারেমের কাহিনীঃ _bজীবন ও যৌনতা |
| 250 | _a- | ||
| 260 |
_aঢাকা _bদিব্য প্রকাশ _c২০০৭ |
||
| 300 | _a১৪৩ | ||
| 504 | _a- Biblio- | ||
| 650 | 0 |
_aজীবন ও যৌনতা _bহারেম-ইতিহাস |
|
| 700 | 1 | _a- | |
| 942 |
_2ddc _cBK |
||
| 999 |
_c21276 _d21276 |
||